00279nam a22001097a 4500020001800000040000900018082001700027100002100044245003400065260003600099650003400135 a9780534951528 cNust a620.103bBOR aArthur P. Boresi aEngineering mechanics statics aAustralia:bBrooks/cole,c2001. aEngineering mechanics statics